|
|
|
|
| LEADER |
00000nam0a2200000 4500 |
| 001 |
376506 |
| 005 |
20231101052008.0 |
| 010 |
|
|
|b 3000 экз.
|
| 035 |
|
|
|a (RuTPU)RU\TPU\retro\33946
|
| 035 |
|
|
|a RU\TPU\book\281966
|
| 090 |
|
|
|a 376506
|
| 100 |
|
|
|a 20221222d1942 m y0rusy50 ca
|
| 101 |
0 |
|
|a rus
|
| 102 |
|
|
|a RU
|
| 105 |
|
|
|a af z 000zy
|
| 200 |
1 |
|
|a Испытания судовых паросиловых установок
|f П. П. Куликовский
|
| 210 |
|
|
|a Москва
|c Издательство Наркомречфлота СССР
|d 1942
|
| 215 |
|
|
|a 335 с.
|c ил.
|
| 300 |
|
|
|a Подписано в печать 26.10.1942 г.
|
| 610 |
1 |
|
|a судовые паросиловые установки
|
| 610 |
1 |
|
|a испытание
|
| 610 |
1 |
|
|a испытательные приборы
|
| 610 |
1 |
|
|a коллекция: 1941-1945 гг.
|
| 675 |
|
|
|a 629.12-8
|v 3
|
| 700 |
|
1 |
|a Куликовский
|b П. П.
|
| 801 |
|
1 |
|a RU
|b 63413507
|c 20140505
|
| 801 |
|
2 |
|a RU
|b 63413507
|c 20221222
|g RCR
|
| 942 |
|
|
|c BK
|